000
00209nam a2200097Ia 4500
008
220204s9999 xx 000 0 und d
082
_a
82-3
_b
JAN
100
_a
Janaki Raman
245
0
_a
Wooden cow
942
_c
BK
999
_c
34125
_d
34125